[Event "ODJM C 2019"]
[Site "Willingen GER"]
[Date "2019.06.10"]
[Round "3"]
[White "Sinka, Silas"]
[Black "Grimm, Nicola Marie"]
[Result "1/2-1/2"]
[Termination "normal"]
[Board "2"]
[WhiteElo "1292"]
[BlackElo "1459"]
[WhiteClock "01:26:11"]
[BlackClock "01:04:16"]
[PlyCount "61"]
[WhiteFideId "16265823"]
[BlackFideId "12988987"]
[EventCountry "GER"]
[EventRounds "9"]
[EventType "swiss"]
[EventDate "2019.06.08"]

1. d4 {[%clk 1:30:59]} 1... d5 {[%clk 1:30:53]} 2. c4 {[%clk 1:31:25]} 2... Bf5
{[%clk 1:31:07]} 3. cxd5 {[%clk 1:31:06]} 3... Qxd5 {[%clk 1:31:26]} 4. Nc3 {
[%clk 1:31:29]} 4... Qa5 {[%clk 1:31:31]} 5. Bd2 {[%clk 1:31:38]} 5... c6 {
[%clk 1:31:30]} 6. e4 {[%clk 1:31:40]} 6... Bg6 {[%clk 1:31:20]} 7. Qb3 { [%clk
1:31:21]} 7... Qb6 {[%clk 1:30:53]} 8. Nf3 {[%clk 1:30:55]} 8... e6 { [%clk
1:30:05]} 9. Qxb6 {[%clk 1:29:32]} 9... axb6 {[%clk 1:29:41]} 10. Bd3 { [%clk
1:28:08]} 10... Nd7 {[%clk 1:29:16]} 11. O-O {[%clk 1:28:15]} 11... Ngf6 {[%clk
1:29:14]} 12. Rfe1 {[%clk 1:27:37]} 12... Be7 {[%clk 1:28:02]} 13. Rad1 {[%clk
1:27:24]} 13... O-O {[%clk 1:27:43]} 14. Bb1 {[%clk 1:27:05]} 14... Rfe8 {[%clk
1:23:01]} 15. e5 {[%clk 1:25:40]} 15... Bxb1 {[%clk 1:22:15]} 16. Rxb1 { [%clk
1:25:54]} 16... Nd5 {[%clk 1:22:16]} 17. Nxd5 {[%clk 1:25:50]} 17... cxd5
{[%clk 1:22:19]} 18. a3 {[%clk 1:26:05]} 18... b5 {[%clk 1:21:43]} 19. Rec1 {
[%clk 1:25:59]} 19... Nb6 {[%clk 1:20:21]} 20. Rc7 {[%clk 1:25:53]} 20... Rab8
{[%clk 1:20:11]} 21. Bb4 {[%clk 1:25:20]} 21... Bxb4 {[%clk 1:20:04]} 22. axb4
{[%clk 1:25:26]} 22... Rec8 {[%clk 1:20:15]} 23. Rbc1 {[%clk 1:25:23]} 23... h6
{[%clk 1:17:34]} 24. h3 {[%clk 1:25:25]} 24... Nc4 25. Rxc8+ {[%clk 1:25:50]}
25... Rxc8 {[%clk 1:08:17]} 26. b3 Nb6 27. Rc5 {[%clk 1:26:14]} 27... Rxc5 {
[%clk 1:07:21]} 28. bxc5 {[%clk 1:26:32]} 28... Nd7 {[%clk 1:07:23]} 29. Nd2 {
[%clk 1:26:44]} 29... Kf8 {[%clk 1:03:57]} 30. Nb1 {[%clk 1:27:01]} 30... b4 {
[%clk 1:04:16]} 31. Kf1 {[%clk 1:26:11]} 1/2-1/2

[Event "ODJM C 2019"]
[Site "Willingen GER"]
[Date "2019.06.10"]
[Round "3"]
[White "Hornstein, Leonhard Orell"]
[Black "Strübel, Tobias"]
[Result "0-1"]
[Termination "normal"]
[Board "4"]
[WhiteElo "1346"]
[BlackElo "1337"]
[WhiteClock "00:51:59"]
[BlackClock "00:57:13"]
[PlyCount "44"]
[WhiteFideId "16254643"]
[BlackFideId "16284860"]
[EventCountry "GER"]
[EventRounds "9"]
[EventType "swiss"]
[EventDate "2019.06.08"]

1. d4 {[%clk 1:30:58]} 1... d5 {[%clk 1:30:56]} 2. Nc3 {[%clk 1:31:25]} 2...
Nf6 {[%clk 1:31:17]} 3. Bf4 {[%clk 1:31:49]} 3... c5 {[%clk 1:31:39]} 4. e3 {
[%clk 1:32:10]} 4... a6 {[%clk 1:31:44]} 5. dxc5 {[%clk 1:30:38]} 5... e6 {
[%clk 1:31:44]} 6. Nf3 {[%clk 1:30:08]} 6... Nc6 {[%clk 1:31:14]} 7. Bd3 {
[%clk 1:29:24]} 7... Bxc5 {[%clk 1:31:10]} 8. Qd2 {[%clk 1:28:48]} 8... Bd6 {
[%clk 1:29:20]} 9. Bxd6 {[%clk 1:25:55]} 9... Qxd6 {[%clk 1:29:37]} 10. O-O-O {
[%clk 1:25:27]} 10... e5 {[%clk 1:29:18]} 11. Be2 {[%clk 1:24:39]} 11... Be6 {
[%clk 1:24:24]} 12. Ng5 {[%clk 1:24:24]} 12... d4 {[%clk 1:21:59]} 13. Nce4 {
[%clk 1:20:33]} 13... Nxe4 {[%clk 1:21:40]} 14. Nxe4 {[%clk 1:19:12]} 14... Qd5
{[%clk 1:21:04]} 15. Nc3 {[%clk 1:16:35]} 15... Qa5 {[%clk 1:17:31]} 16. exd4 {
[%clk 1:08:10]} 16... exd4 {[%clk 1:17:43]} 17. Ne4 {[%clk 1:07:03]} 17... Qxa2
{[%clk 1:17:12]} 18. Qf4 {[%clk 1:05:34]} 18... O-O {[%clk 1:03:14]} 19. h4 {
[%clk 1:00:37]} 19... Nb4 {[%clk 1:01:36]} 20. Qg5 {[%clk 0:53:18]} 20... Rfc8
{[%clk 0:59:05]} 21. Nf6+ {[%clk 0:51:59]} 21... Kh8 {[%clk 0:57:13]} 22. Bd3
Nxd3+ 0-1

[Event "ODJM C 2019"]
[Site "Willingen GER"]
[Date "2019.06.10"]
[Round "3"]
[White "Arnold, Rubina"]
[Black "Apel, Linus"]
[Result "0-1"]
[Termination "normal"]
[Board "5"]
[WhiteElo "1329"]
[BlackElo "1410"]
[WhiteClock "00:59:56"]
[BlackClock "00:26:10"]
[PlyCount "80"]
[WhiteFideId "16276272"]
[BlackFideId "16265785"]
[EventCountry "GER"]
[EventRounds "9"]
[EventType "swiss"]
[EventDate "2019.06.08"]

1. e4 {[%clk 1:30:57]} 1... c5 {[%clk 1:30:54]} 2. Nf3 {[%clk 1:31:18]} 2...
Nc6 {[%clk 1:31:15]} 3. c3 {[%clk 1:31:40]} 3... Nf6 {[%clk 1:31:29]} 4. Qc2 {
[%clk 1:30:39]} 4... e5 {[%clk 1:25:06]} 5. Bc4 {[%clk 1:30:23]} 5... Be7 {
[%clk 1:20:38]} 6. O-O {[%clk 1:29:30]} 6... O-O {[%clk 1:20:45]} 7. d3 { [%clk
1:29:30]} 7... d6 {[%clk 1:19:40]} 8. Qb3 {[%clk 1:28:15]} 8... Na5 { [%clk
1:18:43]} 9. Qa4 {[%clk 1:27:01]} 9... Nxc4 {[%clk 1:17:54]} 10. Qxc4 { [%clk
1:26:54]} 10... Be6 {[%clk 1:17:54]} 11. Qb5 {[%clk 1:25:55]} 11... Qc7 { [%clk
1:16:05]} 12. Be3 {[%clk 1:21:46]} 12... a6 {[%clk 1:16:08]} 13. Qa4 { [%clk
1:21:49]} 13... Ng4 {[%clk 1:13:50]} 14. Re1 {[%clk 1:20:48]} 14... Nxe3 15.
Rxe3 {[%clk 1:20:19]} 15... f5 {[%clk 1:10:29]} 16. Nbd2 {[%clk 1:19:12]} 16...
f4 {[%clk 1:10:05]} 17. Re2 {[%clk 1:18:40]} 17... Rf6 {[%clk 1:07:31]} 18. Nh4
{[%clk 1:18:38]} 18... g5 {[%clk 1:02:01]} 19. Nf5 {[%clk 1:18:28]} 19... Bxf5
{[%clk 0:56:50]} 20. exf5 {[%clk 1:16:15]} 20... Rxf5 { [%clk 0:55:24]} 21.
Qc4+ {[%clk 1:16:12]} 21... Kg7 {[%clk 0:51:49]} 22. Qe6 { [%clk 1:15:07]}
22... Rf6 {[%clk 0:51:49]} 23. Qg4 {[%clk 1:15:03]} 23... h6 { [%clk 0:48:06]}
24. h4 {[%clk 1:13:42]} 24... Qc8 {[%clk 0:47:09]} 25. Qxc8 { [%clk 1:13:40]}
25... Rxc8 {[%clk 0:47:23]} 26. h5 {[%clk 1:13:51]} 26... Kf7 { [%clk 0:43:30]}
27. Nc4 {[%clk 1:12:59]} 27... Bd8 {[%clk 0:42:01]} 28. Rc1 { [%clk 1:11:13]}
28... b5 {[%clk 0:41:30]} 29. Nd2 {[%clk 1:10:12]} 29... Re6 { [%clk 0:40:27]}
30. Ree1 {[%clk 1:08:45]} 30... Bb6 {[%clk 0:38:33]} 31. Nf3 { [%clk 1:06:03]}
31... Kf6 {[%clk 0:37:19]} 32. d4 {[%clk 1:03:18]} 32... cxd4 { [%clk 0:29:10]}
33. cxd4 {[%clk 1:03:08]} 33... Rxc1 {[%clk 0:28:52]} 34. dxe5+ {[%clk
1:03:25]} 34... dxe5 {[%clk 0:27:30]} 35. Rxc1 {[%clk 1:03:34]} 35... e4 {[%clk
0:27:42]} 36. Nh2 {[%clk 1:01:06]} 36... e3 {[%clk 0:27:27]} 37. Kf1 { [%clk
0:59:42]} 37... e2+ {[%clk 0:25:15]} 38. Ke1 {[%clk 0:59:44]} 38... Ba5+ {[%clk
0:25:40]} 39. b4 {[%clk 0:59:33]} 39... Bxb4+ {[%clk 0:25:55]} 40. Rc3 { [%clk
0:59:56]} 40... Bxc3# {[%clk 0:26:10]} 0-1

[Event "ODJM C 2019"]
[Site "Willingen GER"]
[Date "2019.06.10"]
[Round "3"]
[White "Foos, Vanessa"]
[Black "Moldovan, Tudor"]
[Result "1-0"]
[Termination "normal"]
[Board "6"]
[WhiteElo "1207"]
[BlackElo "1030"]
[WhiteClock "00:17:22"]
[BlackClock "01:05:50"]
[PlyCount "169"]
[WhiteFideId "16245270"]
[BlackFideId "16288203"]
[EventCountry "GER"]
[EventRounds "9"]
[EventType "swiss"]
[EventDate "2019.06.08"]

1. d4 {[%clk 1:30:59]} 1... Nf6 {[%clk 1:28:25]} 2. Nc3 {[%clk 1:31:08]} 2...
e6 {[%clk 1:28:45]} 3. a3 {[%clk 1:31:11]} 3... d5 {[%clk 1:29:05]} 4. Nf3 {
[%clk 1:30:20]} 4... Nbd7 {[%clk 1:28:14]} 5. Bf4 {[%clk 1:29:48]} 5... Be7 {
[%clk 1:28:16]} 6. Nb5 {[%clk 1:22:37]} 6... e5 {[%clk 1:26:51]} 7. Bxe5 {
[%clk 1:21:22]} 7... Nxe5 {[%clk 1:26:50]} 8. dxe5 {[%clk 1:21:32]} 8... Nd7 {
[%clk 1:27:01]} 9. Qxd5 {[%clk 1:20:39]} 9... c6 10. Nd6+ 10... Bxd6 { [%clk
1:26:25]} 11. Qxd6 {[%clk 1:20:55]} 11... Qe7 {[%clk 1:25:40]} 12. Qxe7+ {[%clk
1:21:24]} 12... Kxe7 {[%clk 1:25:21]} 13. e4 {[%clk 1:19:01]} 13... Re8 {[%clk
1:25:28]} 14. O-O-O {[%clk 1:14:18]} 14... Kf8 {[%clk 1:25:38]} 15. Bc4 {[%clk
1:12:09]} 15... Nxe5 {[%clk 1:24:51]} 16. Nxe5 {[%clk 1:10:19]} 16... Rxe5
{[%clk 1:22:55]} 17. Rhe1 {[%clk 1:05:31]} 17... b5 {[%clk 1:22:20]} 18. Bb3
{[%clk 1:04:04]} 18... Bb7 {[%clk 1:19:32]} 19. Rd7 {[%clk 1:02:24]} 19... Re7
{[%clk 1:19:19]} 20. Rxe7 {[%clk 0:59:12]} 20... Kxe7 {[%clk 1:19:38]} 21. Rd1
{[%clk 0:57:29]} 21... c5 {[%clk 1:18:31]} 22. Bxf7 {[%clk 0:57:55]} 22... Bxe4
{[%clk 1:17:56]} 23. Re1 {[%clk 0:56:17]} 23... Kxf7 {[%clk 1:16:39]} 24. Rxe4
{[%clk 0:56:32]} 24... Kf6 {[%clk 1:16:07]} 25. Kd2 {[%clk 0:56:16]} 25... Rd8+
{[%clk 1:15:43]} 26. Ke2 {[%clk 0:55:38]} 26... g5 {[%clk 1:14:58]} 27. c4
{[%clk 0:43:39]} 27... a6 {[%clk 1:12:31]} 28. cxb5 {[%clk 0:37:38]} 28... axb5
{[%clk 1:12:27]} 29. Re3 {[%clk 0:36:50]} 29... c4 {[%clk 1:12:07]} 30. Rf3+ {
[%clk 0:35:11]} 30... Kg6 {[%clk 1:11:53]} 31. b3 {[%clk 0:29:18]} 31... Re8+ {
[%clk 1:10:44]} 32. Kd2 {[%clk 0:27:27]} 32... Rc8 {[%clk 1:08:52]} 33. bxc4 {
[%clk 0:24:59]} 33... Rxc4 {[%clk 1:09:00]} 34. Rc3 {[%clk 0:25:21]} 34... Rf4
{[%clk 1:08:28]} 35. Ke3 {[%clk 0:25:30]} 35... Rf5 {[%clk 1:06:59]} 36. Rc6+ {
[%clk 0:22:15]} 36... Kg7 37. g4 37... Re5+ {[%clk 1:06:23]} 38. Kf3 { [%clk
0:22:19]} 38... Rd5 {[%clk 1:06:19]} 39. Ra6 {[%clk 0:20:17]} 39... Rd3+ {[%clk
1:06:02]} 40. Kg2 {[%clk 0:18:52]} 40... Kf7 {[%clk 1:05:38]} 41. Ra5 { [%clk
0:19:20]} 41... Rb3 {[%clk 1:05:35]} 42. Kf1 {[%clk 0:17:49]} 42... Ke6 { [%clk
1:04:16]} 43. Ke2 {[%clk 0:18:15]} 43... Kd5 {[%clk 1:04:13]} 44. Kd2 { [%clk
0:18:24]} 44... Kc4 {[%clk 1:03:54]} 45. Kc2 {[%clk 0:17:11]} 45... Rf3 { [%clk
1:01:52]} 46. a4 {[%clk 0:12:24]} 46... Rxf2+ {[%clk 1:01:08]} 47. Kd1 { [%clk
0:11:13]} 47... Kd3 {[%clk 1:01:00]} 48. Ke1 {[%clk 0:11:12]} 48... Ke3 49.
Rxb5 49... Rxh2 {[%clk 0:59:34]} 50. Rb3+ {[%clk 0:11:12]} 50... Kf4 { [%clk
0:59:23]} 51. Ra3 {[%clk 0:10:25]} 51... Rh1+ {[%clk 0:59:27]} 52. Kf2 { [%clk
0:10:32]} 52... Rh2+ {[%clk 0:59:24]} 53. Kg1 {[%clk 0:10:55]} 53... Rd2 {[%clk
0:59:28]} 54. a5 {[%clk 0:11:01]} 54... Rd1+ {[%clk 0:59:40]} 55. Kf2 { [%clk
0:10:39]} 55... Kxg4 {[%clk 0:59:42]} 56. a6 {[%clk 0:10:34]} 56... Rd2+ {[%clk
0:59:39]} 57. Ke3 {[%clk 0:10:50]} 57... Rd7 {[%clk 0:59:37]} 58. a7 { [%clk
0:11:02]} 58... Re7+ {[%clk 1:00:01]} 59. Kd4 {[%clk 0:11:04]} 59... Rd7+
{[%clk 1:00:17]} 60. Ke3 {[%clk 0:11:24]} 60... Re7+ {[%clk 1:00:33]} 61. Kf2 {
[%clk 0:11:22]} 61... Rf7+ {[%clk 1:00:44]} 62. Kg2 {[%clk 0:11:47]} 62... Rxa7
{[%clk 1:01:02]} 63. Rxa7 {[%clk 0:12:06]} 63... h6 {[%clk 1:01:12]} 64. Ra4+ {
[%clk 0:12:28]} 64... Kh5 {[%clk 1:01:34]} 65. Kg3 {[%clk 0:12:48]} 65... Kg6 {
[%clk 1:01:39]} 66. Ra6+ {[%clk 0:11:16]} 66... Kf7 {[%clk 1:01:57]} 67. Rxh6 {
[%clk 0:11:40]} 67... Kg7 {[%clk 1:02:18]} 68. Rh5 {[%clk 0:11:46]} 68... Kg6 {
[%clk 1:02:29]} 69. Kg4 {[%clk 0:12:05]} 69... Kf6 {[%clk 1:02:48]} 70. Rxg5 {
[%clk 0:12:21]} 70... Ke6 {[%clk 1:03:10]} 71. Kf4 {[%clk 0:12:14]} 71... Kd6 {
[%clk 1:03:23]} 72. Ke4 Kc6 73. Kd4 73... Kd6 {[%clk 1:03:27]} 74. Rg6+ { [%clk
0:13:22]} 74... Ke7 {[%clk 1:03:35]} 75. Ke5 {[%clk 0:13:49]} 75... Kf7 { [%clk
1:03:53]} 76. Kf5 {[%clk 0:14:06]} 76... Ke7 {[%clk 1:04:01]} 77. Ke5 { [%clk
0:14:00]} 77... Kf7 {[%clk 1:04:17]} 78. Rc6 {[%clk 0:14:27]} 78... Ke7 { [%clk
1:04:28]} 79. Rc7+ {[%clk 0:14:55]} 79... Kd8 {[%clk 1:04:25]} 80. Kd6 { [%clk
0:15:09]} 80... Ke8 {[%clk 1:04:45]} 81. Rb7 {[%clk 0:15:32]} 81... Kf8 { [%clk
1:04:58]} 82. Ke6 {[%clk 0:16:00]} 82... Kg8 {[%clk 1:05:30]} 83. Kf6 { [%clk
0:16:56]} 83... Kh8 {[%clk 1:05:31]} 84. Kg6 {[%clk 0:17:22]} 84... Kg8 { [%clk
1:05:50]} 85. Rb8# 1-0

[Event "ODJM C 2019"]
[Site "Willingen GER"]
[Date "2019.06.10"]
[Round "3"]
[White "Mylke, Sandy-Michelle"]
[Black "Fischer, John"]
[Result "1-0"]
[Termination "normal"]
[Board "7"]
[WhiteElo "1238"]
[BlackElo "1374"]
[PlyCount "61"]
[WhiteFideId "16235045"]
[BlackFideId "16268679"]
[EventCountry "GER"]
[EventRounds "9"]
[EventType "swiss"]
[EventDate "2019.06.08"]

1. e4 d5 2. d4 Nc6 3. c3 dxe4 4. f3 exf3 5. Nxf3 Nf6 6. Bc4 e6 7. O-O Be7 8.
Bf4 O-O 9. Bd3 b6 10. Ne5 Bb7 11. Qe2 a5 12. Nd2 Nd5 13. Qh5 f5 14. Ndc4 b5 15.
Nxc6 Bxc6 16. Ne5 Nxf4 17. Rxf4 Be8 18. Qh3 Rf6 19. Rh4 Rh6 20. Rxh6 gxh6 21.
Qxh6 Bg5 22. Qxe6+ Kh8 23. Bxb5 Be3+ 24. Kh1 f4 25. Bd3 Qg5 26. Nf7+ Bxf7 27.
Qxf7 Qh6 28. Rf1 Rf8 29. Qxc7 Qh5 30. Qd6 f3 31. Qxf8# 1-0

[Event "ODJM C 2019"]
[Site "Willingen GER"]
[Date "2019.06.10"]
[Round "3"]
[White "Bangiev, Anton"]
[Black "Wechtenbruch, Jamie"]
[Result "0-1"]
[Termination "normal"]
[Board "8"]
[WhiteElo "1342"]
[BlackElo "1371"]
[PlyCount "66"]
[WhiteFideId "16267222"]
[BlackFideId "16267737"]
[EventCountry "GER"]
[EventRounds "9"]
[EventType "swiss"]
[EventDate "2019.06.08"]

1. e4 d5 2. exd5 Nf6 3. g3 Qxd5 4. Nf3 Bg4 5. Bg2 Qe4+ 6. Kf1 Nc6 7. Nc3 Qe6 8.
h3 Bxf3 9. Bxf3 O-O-O 10. d3 Qd7 11. Ne2 e5 12. Bg5 Be7 13. Bxf6 gxf6 14. Kg2
Rhg8 15. Re1 f5 16. a3 Kb8 17. Kh2 Bc5 18. Rf1 Nd4 19. Nxd4 Bxd4 20. Rb1 Bc5
21. b4 Bd6 22. Re1 f4 23. b5 fxg3+ 24. fxg3 e4 25. Rg1 exf3 26. Qxf3 Bxa3 27.
Qe3 b6 28. Qf3 Qd5 29. Qxd5 Rxd5 30. Rgf1 f5 31. Rb3 Bd6 32. Rf3 Re5 33. Rf2
Re3 0-1

[Event "ODJM C 2019"]
[Site "Willingen GER"]
[Date "2019.06.10"]
[Round "3"]
[White "Reger, Christoph"]
[Black "Margaryan, Harut"]
[Result "1/2-1/2"]
[Termination "normal"]
[Board "9"]
[WhiteElo "1169"]
[BlackElo "1089"]
[PlyCount "71"]
[WhiteFideId "16287606"]
[BlackFideId "16268202"]
[EventCountry "GER"]
[EventRounds "9"]
[EventType "swiss"]
[EventDate "2019.06.08"]

1. e4 c5 2. Nc3 d6 3. g3 Nf6 4. Bg2 g6 5. d3 Bg7 6. h3 O-O 7. Be3 Nc6 8. Qd2
Bd7 9. Nge2 e5 10. Bh6 Nd4 11. Bxg7 Kxg7 12. O-O Qa5 13. f4 Nxe2+ 14. Qxe2 Qb6
15. fxe5 dxe5 16. Qf2 Rac8 17. b3 Qd6 18. Rae1 Qd4 19. Nd5 Qxf2+ 20. Rxf2 Nxd5
21. exd5 f6 22. c4 Bf5 23. g4 Bxd3 24. Rd1 e4 25. Rfd2 Rfe8 26. Rxd3 exd3 27.
Rxd3 Re1+ 28. Kh2 Re2 29. d6 Rd8 30. Kg1 b6 31. d7 Re6 32. a3 Kf8 33. b4 cxb4
34. axb4 Ke7 35. c5 bxc5 36. bxc5 1/2-1/2

[Event "ODJM C 2019"]
[Site "Willingen GER"]
[Date "2019.06.10"]
[Round "3"]
[White "Tenbosch, Till Theo"]
[Black "Färber, Sophie"]
[Result "1/2-1/2"]
[Termination "normal"]
[Board "10"]
[WhiteElo "1085"]
[BlackElo "1409"]
[PlyCount "51"]
[WhiteFideId "16255461"]
[BlackFideId "16239121"]
[EventCountry "GER"]
[EventRounds "9"]
[EventType "swiss"]
[EventDate "2019.06.08"]

1. d4 d5 2. Bf4 Nf6 3. e3 Bf5 4. c4 c6 5. Qb3 Qb6 6. c5 Qxb3 7. axb3 Nbd7 8.
Nc3 e6 9. b4 Be7 10. h3 O-O 11. b5 cxb5 12. Nxb5 a6 13. Nd6 Bxd6 14. Bxd6 Rfc8
15. Nf3 Ne8 16. Bh2 f6 17. Be2 b6 18. cxb6 Nxb6 19. O-O Rc2 20. Bxa6 Rxb2 21.
Rfd1 Rc2 22. Bf1 Bg6 23. Rxa8 Nxa8 24. Bg3 Bh5 25. Rb1 Nac7 26. Re1 1/2-1/2

[Event "ODJM C 2019"]
[Site "Willingen GER"]
[Date "2019.06.10"]
[Round "3"]
[White "Racky, Selina"]
[Black "Grunert, Heinrich"]
[Result "1-0"]
[Termination "normal"]
[Board "11"]
[WhiteElo "1037"]
[BlackElo "1211"]
[PlyCount "99"]
[WhiteFideId "16239440"]
[BlackFideId "16213416"]
[EventCountry "GER"]
[EventRounds "9"]
[EventType "swiss"]
[EventDate "2019.06.08"]

1. d4 d5 2. Bf4 Nc6 3. Nf3 Nf6 4. e3 a6 5. Bd3 Bg4 6. Nbd2 e6 7. h3 Bxf3 8.
Nxf3 Bd6 9. Ne5 O-O 10. Bh2 Nd7 11. f4 Qh4+ 12. g3 Qxh3 13. Nxd7 Rfd8 14. Bf1
Qh6 15. Ne5 Nxe5 16. dxe5 Bc5 17. Qd3 d4 18. Qe4 Rab8 19. Bg1 Qg6 20. Qxg6 fxg6
21. exd4 Bxd4 22. Bc4 Bxb2 23. Bxe6+ Kf8 24. Rb1 Bc3+ 25. Kf1 Ke7 26. Bg4 h5
27. Bf3 Rd2 28. Rh2 Rbd8 29. Rxd2 Rxd2 30. Rxb7 Kd7 31. Bb6 Rxc2 32. Rxc7+ Ke6
33. Rxg7 Kf5 34. Rf7+ Ke6 35. Rf6+ Ke7 36. Rxg6 Rxa2 37. Bc5+ Kf7 38. Bxh5 Ra1+
39. Ke2 Ra2+ 40. Kd3 Be1 41. Rxa6+ Kg8 42. Rxa2 Bxg3 43. e6 Bh4 44. e7 Bxe7 45.
Bxe7 Kh7 46. Bg5 Kg8 47. f5 Kf8 48. Bf6 Kg8 49. Ke4 Kf8 50. Ra8# 1-0

[Event "ODJM C 2019"]
[Site "Willingen GER"]
[Date "2019.06.10"]
[Round "3"]
[White "Laux, Filip"]
[Black "Hapke, Marvin"]
[Result "0-1"]
[Termination "normal"]
[Board "12"]
[WhiteElo "1155"]
[BlackElo "1187"]
[PlyCount "50"]
[WhiteFideId "16275730"]
[BlackFideId "12996580"]
[EventCountry "GER"]
[EventRounds "9"]
[EventType "swiss"]
[EventDate "2019.06.08"]

1. e4 e5 2. Nf3 Nc6 3. Bc4 Bc5 4. c3 Nf6 5. d3 a6 6. Nbd2 d6 7. Bb3 Ba7 8. O-O
h6 9. h3 O-O 10. Re1 Re8 11. Nf1 Be6 12. Bc2 d5 13. exd5 Bxd5 14. Ng3 Nh7 15.
Nh4 Qxh4 16. c4 Be6 17. Qf3 Nd4 18. Qd1 Nxc2 19. Qxc2 Qxg3 20. Kf1 Qg6 21. Rxe5
Bf5 22. Rxe8+ Rxe8 23. Qc3 Bxd3+ 24. Kg1 Qg3 25. Qd2 Bxf2+ 0-1

[Event "ODJM C 2019"]
[Site "Willingen GER"]
[Date "2019.06.10"]
[Round "3"]
[White "Reyher, Bastian"]
[Black "Schilay, Vinzenz"]
[Result "1-0"]
[Termination "normal"]
[Board "13"]
[WhiteElo "1137"]
[BlackElo "1111"]
[PlyCount "135"]
[WhiteFideId "12927465"]
[BlackFideId "12983209"]
[EventCountry "GER"]
[EventRounds "9"]
[EventType "swiss"]
[EventDate "2019.06.08"]

1. e4 e5 2. Bc4 Nf6 3. d3 Nc6 4. Nc3 Be7 5. Nge2 d6 6. Be3 Be6 7. Bb3 Bxb3 8.
axb3 O-O 9. O-O h6 10. f4 exf4 11. Bxf4 Qd7 12. Ng3 a6 13. h3 Nh7 14. Nf5 Rae8
15. Qg4 Bg5 16. Nxh6+ gxh6 17. Qxd7 Re7 18. Qg4 Nf6 19. Qg3 Nh5 20. Qg4 Nxf4
21. Rxf4 Ne5 22. Qg3 Kh7 23. Rf5 Rg8 24. Nd5 Rd7 25. Rxg5 Rxg5 26. Qxg5 hxg5
27. Nf6+ Kg6 28. Nxd7 Nxd7 29. d4 f6 30. g4 Nb6 31. Rd1 Nd7 32. Rd3 c6 33. c4
b6 34. b4 Kf7 35. Kf2 Ke7 36. Kg3 Kf7 37. h4 Kg6 38. hxg5 fxg5 39. Rf3 c5 40.
bxc5 bxc5 41. d5 Nb6 42. b3 Nd7 43. Rf5 a5 44. Kf3 Ne5+ 45. Rxe5 dxe5 46. Ke3
Kf7 47. Kd3 Ke7 48. Kc3 Kd6 49. Kb2 Kc7 50. Ka3 Kb6 51. Ka4 Kc7 52. Kxa5 Kd7
53. b4 cxb4 54. Kxb4 Kd6 55. Kb5 Kd7 56. Kb6 Kd6 57. c5+ Ke7 58. Kb7 Kd7 59.
c6+ Ke7 60. c7 Kf6 61. c8=Q Ke7 62. Kc6 Kf7 63. Qe6+ Kf8 64. Qd7 Kg8 65. Kd6
Kh8 66. Ke6 Kg8 67. Kf6 Kh8 68. Qg7# 1-0

[Event "ODJM C 2019"]
[Site "Willingen GER"]
[Date "2019.06.10"]
[Round "3"]
[White "Barthel, Sascha"]
[Black "Zhang, Yibo"]
[Result "0-1"]
[Termination "normal"]
[Board "14"]
[WhiteElo "1297"]
[BlackElo "1302"]
[PlyCount "162"]
[WhiteFideId "16280369"]
[BlackFideId "16287657"]
[EventCountry "GER"]
[EventRounds "9"]
[EventType "swiss"]
[EventDate "2019.06.08"]

1. e4 e5 2. Nf3 Nc6 3. Bc4 Nf6 4. Ng5 d5 5. exd5 Na5 6. b3 Nxd5 7. d3 f6 8. Nf3
Bb4+ 9. Bd2 Bxd2+ 10. Nbxd2 a6 11. h3 Be6 12. O-O Nxc4 13. Nxc4 O-O 14. Ne3 Nf4
15. Re1 Rc8 16. Qb1 Qe8 17. Kf1 Rd8 18. Rd1 Rf7 19. Rd2 Rfd7 20. Qd1 b6 21. b4
b5 22. a3 Rd6 23. Rb1 f5 24. Ne1 e4 25. d4 Bf7 26. c3 Bg6 27. Ra1 Qe6 28. a4
Bh5 29. Qc2 c6 30. Qa2 Qxa2 31. Raxa2 Kf7 32. axb5 axb5 33. Ra7+ Kf6 34. Rda2
Bf7 35. R2a6 Rc8 36. Rb7 Nd5 37. Nd1 Nf4 38. Raa7 Bc4+ 39. Kg1 Bb3 40. Ra1 Bxd1
41. Rxd1 Ne2+ 42. Kf1 Nxc3 43. Ra1 Rxd4 44. Raa7 Rg8 45. Rf7+ Kg6 46. Rae7 Rd6
47. f4 exf3 48. Nxf3 Nd5 49. Nh4+ Kg5 50. Nxf5 Rf6 51. Rxg7+ Rxg7 52. Rxg7+ Kf4
53. Ne7 Nxb4 54. Rxh7 Kg3+ 55. Kg1 Re6 56. Rg7+ Kf4 57. Ng6+ Kf5 58. Nh4+ Ke4
59. Rg4+ Kd5 60. Rxb4 Kc5 61. Rb2 b4 62. g4 Re1+ 63. Kf2 Rh1 64. Kg2 Re1 65. g5
Kc4 66. g6 Kc3 67. Rf2 Re8 68. g7 Rg8 69. Rf7 b3 70. Nf5 b2 71. Rf8 Rxg7+ 72.
Nxg7 b1=Q 73. Rf3+ Kd4 74. h4 Qc2+ 75. Kg3 Qg6+ 76. Kh3 Qxg7 77. Rf4+ Ke3 78.
Rg4 Qd7 79. h5 Kf3 80. Kh2 Qxg4 81. h6 Qg2# 0-1

[Event "ODJM C 2019"]
[Site "Willingen GER"]
[Date "2019.06.10"]
[Round "3"]
[White "Vollmer, Jan"]
[Black "Keuper, David"]
[Result "0-1"]
[Termination "normal"]
[Board "15"]
[WhiteElo "1269"]
[BlackElo "1075"]
[PlyCount "80"]
[WhiteFideId "16287649"]
[BlackFideId "16287568"]
[EventCountry "GER"]
[EventRounds "9"]
[EventType "swiss"]
[EventDate "2019.06.08"]

1. e4 e5 2. Nf3 Nc6 3. Bb5 Bc5 4. d3 d6 5. O-O Bg4 6. Re1 Nf6 7. Nbd2 O-O 8.
Nf1 Nd4 9. Bc4 Nxf3+ 10. gxf3 Bh3 11. Ng3 Re8 12. Bd2 d5 13. Bb3 c6 14. Qc1
dxe4 15. dxe4 Qd4 16. Be3 Qb4 17. c3 Qb6 18. a4 Bxe3 19. Qxe3 Qxb3 20. Qg5 h6
21. Qh4 Be6 22. Nf5 Bxf5 23. exf5 Qxb2 24. Kh1 Qxc3 25. Qg3 Nh5 26. Qg4 Nf4 27.
Rg1 g6 28. fxg6 fxg6 29. Rab1 b6 30. Rg3 Qc2 31. Rbg1 Rad8 32. h4 h5 33. Qg5
Rd1 34. Qh6 Rxg1+ 35. Rxg1 Re6 36. Qg5 Qxf2 37. Qd8+ Kf7 38. Qg5 Qxf3+ 39. Rg2
Qf1+ 40. Rg1 Qh3# 0-1

[Event "ODJM C 2019"]
[Site "Willingen GER"]
[Date "2019.06.10"]
[Round "3"]
[White "Gerdes, Jesko"]
[Black "Burger, Daiana"]
[Result "1-0"]
[Termination "normal"]
[Board "16"]
[WhiteElo "1106"]
[BlackElo "1366"]
[PlyCount "93"]
[WhiteFideId "16273699"]
[BlackFideId "16217233"]
[EventCountry "GER"]
[EventRounds "9"]
[EventType "swiss"]
[EventDate "2019.06.08"]

1. d4 d5 2. Nf3 Nc6 3. g3 f6 4. Bg2 e5 5. c3 Bf5 6. Nbd2 exd4 7. Nxd4 Nxd4 8.
cxd4 Ne7 9. b3 Nc6 10. Bb2 Qd7 11. O-O Bh3 12. e4 Ne7 13. Re1 O-O-O 14. Bxh3
Qxh3 15. Ba3 Nc6 16. Bxf8 Rhxf8 17. Nf3 g5 18. exd5 Rxd5 19. Re4 h5 20. b4 Qf5
21. Qe2 Rg8 22. Re8+ Rxe8 23. Qxe8+ Rd8 24. Qxh5 Nxd4 25. Nxd4 Rxd4 26. Re1 b6
27. Qe8+ Rd8 28. Qc6 Rd2 29. Re8+ Rd8 30. Qa8+ Kd7 31. Qxd8+ Kc6 32. Qa8+ Kb5
33. Qe4 Qxe4 34. Rxe4 c5 35. bxc5 bxc5 36. a3 a5 37. Kf1 c4 38. Ke1 f5 39. Re8
Ka4 40. Rb8 Kxa3 41. Kd2 a4 42. Kc3 Ka2 43. Kxc4 a3 44. Kd5 Ka1 45. Ke5 g4 46.
Kxf5 a2 47. Ra8 1-0